000 01805nam0a2200361 4500
001 RU\NLR\BIBL_A\012390841
005 20201221171333.0
010 _a978-5-7513-2901-3
_9500
021 _aRU
_bКН-П-20-025973
_9КН-П-20-2010
035 _a(NLR Aleph) 012390841
035 _a(RuMoRGB)010333121
090 _a11675308
_c11675308
100 _a20201028d2020 k y0rusy50 ca
101 0 _arus
102 _aRU
105 _ay z |000z
181 0 _ai
_baxxe
182 0 _an
200 1 _aСистема этнокультурного образования в Арктике
_eмонография
_fВ. П. Марфусалова
_gМинистерство науки и высшего образования Российской Федерации, Северо-Восточный федеральный университет имени М. К. Аммосова, Педагогический институт
203 _aТекст
_bвизуальный
_cнепосредственный
210 _aЯкутск
_cИздательский дом Северо-Восточного федерального университета
_d2020
215 _a112 с.
_cтабл.
_d20
320 _aБиблиогр.: с. 104-108 (62 назв.)
606 1 _aОбразование
_xЭтнокультурный подход
_yАрктика
_yРоссийский сектор
_92427437
_3RU\NLR\AUTH\6601663492
610 0 _aнароды Севера
610 0 _aнационально-региональный компонент в образовании
686 1 _aЧ34(2Р1)
700 1 _aМарфусалова
_bВ. П.
_gВенера Петровна
942 _cBOOK
980 _aNBR
980 _aNB